|
|
|
|
| LEADER |
00000nam0a2200000 4500 |
| 001 |
154531 |
| 005 |
20231031151914.0 |
| 010 |
|
|
|a 5080000074
|
| 020 |
|
|
|a RU
|b 91-9498
|
| 035 |
|
|
|a (RuTPU)RU\TPU\book\167623
|
| 090 |
|
|
|a 154531
|
| 100 |
|
|
|a 20090302d1991 de y0rusy5003 ca
|
| 101 |
0 |
|
|a rus
|
| 102 |
|
|
|a RU
|
| 105 |
|
|
|a a z 000ay
|
| 200 |
1 |
|
|a Заморыш
|e повести и рассказы
|e для среднего и старшего школьного возраста
|f В. Н. Вартан
|g худож. С. Ведерникова
|
| 210 |
|
|
|a Ленинград
|c Детская литература
|c Ленингр. отд-ние
|d 1991
|
| 215 |
|
|
|a 221 с.
|c ил.
|d 17 см
|
| 610 |
1 |
|
|a Подростки в СССР
|
| 610 |
1 |
|
|a детская литература
|
| 610 |
1 |
|
|a повести
|
| 610 |
1 |
|
|a рассказы
|
| 675 |
|
|
|a Р2
|z rus
|
| 700 |
|
1 |
|a Вартан
|b В. Н.
|g виктория Николаевна
|4 070
|
| 702 |
|
1 |
|a Ведерникова
|b С.
|4 440
|
| 801 |
|
0 |
|a RU
|b RuMRKP
|c 19950417
|g psbo
|
| 801 |
|
1 |
|a RU
|b 63413507
|c 20090302
|g PSBO
|
| 801 |
|
2 |
|a RU
|b 63413507
|c 20090302
|g PSBO
|
| 942 |
|
|
|c BK
|